00919cam a2200241Ma 450000500170000000800410001702000180005802000180007603500210009404000500011504100080016504300120017310000220018524501050020726000950031230000330040750400530044065000210049365000330051465000440054765100410059165100450063220150914103404.0150914s2007 xxuo fr s001 0 eng d a9780807830949 a9780807857977 a(OCoLC)748916561 aCO-BoUCMbspacJose A. GerenadJose A. Gerena0 aeng an-us---1 aZaretsky, Natasha10aNo direction homebthe american family and the fear of national decline, 1968-1980cNatasha Zaretsky aChapel Hill (Carolina del Norte, Estados Unidos)bUniversity of North Carolina Pressc2007 a320 páginasbfotografías aIncluye referencias bibliográficas e índices 7aClases sociales  7aClase media zEstados Unidos 7aEconomía doméstica zEstados Unidos 4aEstados UnidosxCondiciones sociales 4aEstados UnidosxCondiciones económicas